00605nam a2200145 a 450000500170000000800410001705000190005810000140007724500290009126000370012030000130015750000310017052002460020165000120044720140414093832.0020926s19uu xx 00 eng d aVHS 900bOR 13 aTime Life aAfricaba history denied aSingaporebTime Life Asiacc1995 a48 mins. anarrrated by Sam Waterston aCloaked in darkness since medieval times, the spectacular ruins of the once dazzling, southern African kingdom of Great Zimbabwe posed a thorny dilemma for white settlers who claimed to have discovered the region a mere hundred years before. aHistory